000 00300nam a2200121Ia 4500
008 190216s9999||||xx |||||||||||||| ||und||
100 _aCharles Dickens
245 0 _aMr Pickwick
260 _bUniversity Of London Press
_c1950
300 _a160
650 _aEnglish Novel-English Novel
942 _cBK
999 _c11671
_d11671